| 000 | 00621nam a2200145Ia 4500 | ||
|---|---|---|---|
| 008 | 220216s9999 xx 000 0 und d | ||
| 100 | _aLimiya J | ||
| 245 | 0 | _aLinkage mapping and genome wide association studies as potential tools to discover regions of disease resistance in rubber genome | |
| 260 | _bNational Symposium on Advances in Crop Health Management, 1-2 December 2020, Indian Phytopathological Society South Zone and Indian Agricultural Research Institute, Nilgiris, India. | ||
| 650 | _aDisease resistance | ||
| 650 | _aRubber genome | ||
| 700 | _aRoy C.B | ||
| 856 | _uBibli details only | ||
| 942 | _cJS | ||
| 999 |
_c62200 _d62200 |
||